Statistics for Ultimate Flags of the World #3

Click here to take the quiz!

General Stats

  • This quiz has been taken 5 times
  • The average score is 53 of 164

Answer Stats

Answer% Correct
Australia
100%
Cook Islands
100%
Denmark
100%
Fiji
100%
Finland
100%
Iceland
100%
India
100%
Ireland
100%
Israel
100%
Ivory Coast
100%
New Zealand
100%
Norway
100%
Sri Lanka
100%
Sweden
100%
United Kingdom
100%
Aland
75%
Azerbaijan
75%
Barbados
75%
Bosnia and Herzegovina
75%
British Virgin Islands
75%
Central African Republic
75%
D.R. Congo
75%
El Salvador
75%
Gabon
75%
Guatemala
75%
Honduras
75%
Kazakhstan
75%
Kosovo
75%
Micronesia
75%
Montserrat
75%
Nicaragua
75%
Niger
75%
Oman
75%
Saint Lucia
75%
San Marino
75%
Somalia
75%
Swaziland
75%
Tanzania
75%
Turkmenistan
75%
Tuvalu
75%
Ukraine
75%
Uzbekistan
75%
Alaska
50%
Antarctica
50%
Aruba
50%
Bermuda
50%
Botswana
50%
Cayman Islands
50%
Christmas Island
50%
Cocos (Keeling) Islands
50%
Colorado
50%
Djibouti
50%
Eswatini
50%
Falkland Islands
50%
Faroe Islands
50%
Guadeloupe
50%
Hawaii
50%
Namibia
50%
Pitcairn Islands
50%
Rwanda
50%
Saint Helena
50%
Saint-Pierre and Miquelon
50%
Solomon Islands
50%
South Dakota
50%
Alberta
25%
Ascension Island
25%
Bonaire
25%
British Cameroon
25%
British Columbia
25%
British Indian Ocean Territory
25%
Ceylon
25%
Connecticut
25%
Delaware
25%
Gambia
25%
Indiana
25%
Louisiana
25%
Madeira
25%
Manitoba
25%
Michigan
25%
Northwest Territories
25%
Oklahoma
25%
Ontario
25%
Orkney
25%
Papua
25%
Quebec
25%
Queensland
25%
South Georgia and the South Sandwich Islands
25%
Tristan da Cunha
25%
Turks and Caicos
25%
United Nations
25%
Zanzibar
25%
Adal Sultanate
0%
Azores
0%
Bophuthatswana
0%
Bornu Empire
0%
British Guiana
0%
British Honduras
0%
British Windward Islands
0%
Cassia
0%
Ciskei
0%
Dalmatia
0%
Damaraland
0%
Dutch Republic
0%
Emirate of Beihan
0%
Fadhli Sultanate
0%
Federation of South Arabia
0%
French Southern and Antarctic Lands
0%
Gagauz Republic
0%
Gambier Islands
0%
Gazankulu
0%
Gilbert Islands
0%
Gold Coast
0%
Great Republic of Central America
0%
Greek Macedonia
0%
Jalisco
0%
Kavangoland
0%
Kingdom of Bohemia
0%
Kingdom of Bosnia
0%
Lahej
0%
Lebowa
0%
Loango
0%
Maakhir
0%
Magallanes
0%
Maratha Empire
0%
Minnesota
0%
Mongol Empire
0%
Nassau
0%
New Guinea
0%
New South Wales
0%
Nishan Sahib
0%
Northern Rhodesia
0%
North Ingria
0%
Nyasaland
0%
Oldenberg
0%
Orange Free State
0%
QwaQwa
0%
Republic of China
0%
Republic of Formosa
0%
Ross Dependency
0%
Rwenzururu
0%
Safavid Persia
0%
Scandinavia
0%
Society Islands
0%
South Australia
0%
Southern Rhodesia
0%
South West Africa
0%
Tasmania
0%
Tierra del Fuego
0%
Tokugawa Shogunate
0%
Transkei
0%
Tripolitania
0%
United Baltic Duchy
0%
United Provinces of Central America
0%
United States of the Ionian Islands
0%
United Suvadive Republic
0%
Upper Yafa
0%
Uriankhai Krai
0%
Vancouver Island
0%
Venda
0%
Vermont Republic
0%
Wahidi Balhaf
0%
Wahidi Haban
0%
Western Australia
0%
West Indies Federation
0%

Score Distribution

Percentile by Number Answered

Percent of People with Each Score

Your Score History

You have not taken this quiz